Concerto per tromba ed orchestra d'archi : = Koncert Es dur pro trubku a smyčcový orchestr /
| Hlavní autor: | Neruda, Jan Křtitel Jiří, asi 1707-1780 |
|---|---|
| Jazyk: | Němčina Italština Čeština Angličtina |
| Vydáno: |
Praha : Panton, 1972 |
| Vydání: | 2. vyd. |
| Edice: |
Edice Hudební mládeže
|
| Témata: | |
| Fyzický popis: |
24, 7, 7 s. |
|
| LEADER | 00987nam a22002652a 4500 | ||
|---|---|---|---|
| 001 | 000771375 | ||
| 003 | CZ BrMZK | ||
| 005 | 20050420112823.0 | ||
| 007 | ta | ||
| 008 | 050420s1972 xr er|||||||||||ita d | ||
| 040 | |a BOA001 |b cze | ||
| 041 | 1 | |a cze |a eng |a ger |a ita | |
| 100 | 1 | |a Neruda, Jan Křtitel Jiří, |d asi 1707-1780 |7 jn20020322001 |4 cmp | |
| 245 | 1 | 0 | |a Concerto per tromba ed orchestra d'archi : |b = Koncert Es dur pro trubku a smyčcový orchestr / |c Jan Křtitel Jiří Neruda ; předmluvu naps. Jiří Kratochvíl |
| 246 | 3 | 1 | |a Koncert Es dur pro trubku a smyčcový orchestr |
| 250 | |a 2. vyd. | ||
| 260 | |a Praha : |b Panton, |c 1972 | ||
| 300 | |a 24, 7, 7 s. | ||
| 490 | 1 | |a Edice Hudební mládeže | |
| 500 | |a Text též německy a anglicky. | ||
| 830 | 0 | |a Edice Hudební mládeže | |
| 910 | |a BOA001 |b PK-N-0014.785 | ||
| 964 | |a Trubka - skladby orchestrální | ||
| 990 | |a BK | ||
| 996 | 6 | |b BC-195990 |c PK-N-0014.785 |l MZK |r Sklad / do 1 hodiny |n 0 |w 000771375 |u 000010 |a 1 |e BOA001 |j MZK50 |s P | |
English
Čeština 